000 00564nam a22001937a 4500
999 _c172721
_d172721
005 20200211174330.0
010 _aENG-127696
020 _c1695.00
_a9789383723379
035 _aEN-111228
037 _bDBAD/PUB
082 _a260.52
100 _aGill,Harjeet Singh
245 _aBaba Nanak/
_cby Harjeet Singh Gill
250 _a3rd rev.
260 _aDelhi
_c2018
_bLG Publishers Distributors
270 _a49,Street No.14, Pratap Nagar,
_aMayur Vihar Phase1,
_e110091
300 _a262p.
_b25cm(hb)
942 _2ddc
_cEN
_h260.52
_mGIL
_e3rd